La joda educativa
Furkejuvvon:
| Váldodahkkit: | , , , |
|---|---|
| Eará dahkkit: | , |
| Materiálatiipa: | Girji |
| Giella: | espánnjágiella |
| Almmustuhtton: |
Bogotá
Paulinas
1976
|
| Preanttus: | 2a. ed |
| Ráidu: | Colección Lenguaje Total, 8
|
| Fáttát: | |
| Fáddágilkorat: |
Lasit fáddágilkoriid
Eai fáddágilkorat, Lasit vuosttaš fáddágilkora!
|
MARC
| LEADER | 00000nam a2200000 a 4500 | ||
|---|---|---|---|
| 001 | UCY7938 | ||
| 003 | CL-VaPUC | ||
| 008 | 950623e19760000CK |||||||||||||||||spa|d | ||
| 082 | 0 | 4 | |a 306.43 |b BET |2 21 |
| 100 | 0 | |a Betancur, Jorge |e author |9 338893 | |
| 700 | |a Padilla González, Ramón |e autor |9 356470 | ||
| 700 | 0 | |a Ferro, Myriam |e author |9 338895 | |
| 700 | |a Maldonado Guerrero, Luis Fernando |e autor |9 502915 | ||
| 700 | 0 | |a Galindo Quevedo, Adolfo |e author |9 338897 | |
| 700 | 0 | |a Rodríguez, Julio |e author |9 338898 | |
| 245 | 1 | 3 | |a La joda educativa |
| 250 | |a 2a. ed | ||
| 300 | |a 173 p | ||
| 942 | |c BK | ||
| 945 | |d 19950623 00:00:00 |a mfernand | ||
| 260 | |a Bogotá |b Paulinas |c 1976 | ||
| 650 | 0 | |a Sociología de la educación |9 260380 | |
| 650 | 0 | |a Filosofía de la educación |9 258384 | |
| 650 | 0 | |a Alumnos |9 335074 | |
| 650 | 0 | |a Docentes |9 311365 | |
| 650 | 0 | |a Pedagogía |9 255351 | |
| 650 | 7 | |a PSICOSOCIOLOGIA EDUCACIONAL |2 CL-VaPUC |9 338387 | |
| 650 | 7 | |a SOCIOLOGIA ESTUDIANTIL |2 CL-VaPUC |9 338191 | |
| 583 | |a last modification |c 19950623 00:00:00 |k Rodrigo Vera | ||
| 490 | 0 | |a Colección Lenguaje Total, 8 | |
| 999 | |c 235232 |d 235230 | ||
| 952 | |0 0 |1 0 |4 0 |6 306_430000000000000_BET_1976 |7 0 |8 P |9 242498 |a BIBEDU |b BIBEDU |c BIBEDU_PB |d 2019-11-18 |i 1523031 |o 306.43 BET 1976 |p 1523031 |r 2024-01-25 |w 2019-11-18 |y BK |k EDU | ||